00386 2200157 4500001002100000005001500021008004100036035001900077041000700096082000800103090001400111100001500125245003300140260003500173300002000208INLIS00000000000088020241224112239241224||||||||| | ||| |||| || |  0010-1224000880 aid0 a334 a334 SAR p0 aB. Sarwono00apetunjuk praktis berkoperasi aJakartabPenebar Swadayac1981 a59 hlm; 20,6 cm